Čo hýbe trhom s nehnuteľnosťami?

Trh nehnuteľností na Slovensku. Rast výstavy bytov, rodinných domov, obchodných centier. Dopyt po pôde z dôvodu výstavby nehnuteľností. Ponuka hypotekárnych úverov. Zahraniční investori. Podpora bývania pre mladých štátom.

Gespeichert in:
Bibliographische Detailangaben
1. Verfasser: Hölcz, Róbert
Format: Buchkapitel
Sprache:Slowakisch
Schlagworte:
Tags: Tag hinzufügen
Keine Tags, Fügen Sie das erste Tag hinzu!

MARC

LEADER 00000naa$a2200000$$$4500
001 0054996
005 20231006122031.3
041 0 |a slo 
044 |a SK 
245 1 0 |a Čo hýbe trhom s nehnuteľnosťami?  |c Róbert Hölcz 
520 |a Trh nehnuteľností na Slovensku. Rast výstavy bytov, rodinných domov, obchodných centier. Dopyt po pôde z dôvodu výstavby nehnuteľností. Ponuka hypotekárnych úverov. Zahraniční investori. Podpora bývania pre mladých štátom. 
610 2 0 |a bývanie 
610 2 0 |a nehnuteľnosti 
610 2 0 |a úver hypotekárny 
610 2 0 |a trhy 
610 2 0 |a štát 
610 2 0 |a investori 
100 1 |a Hölcz, Róbert